Management of strategy : (Record no. 2891)
[ view plain ]
| 000 -LEADER | |
|---|---|
| fixed length control field | 01090nac a22002531u 4500 |
| 010 ## - LIBRARY OF CONGRESS CONTROL NUMBER | |
| LC control number | 013527751 |
| 020 ## - INTERNATIONAL STANDARD BOOK NUMBER | |
| International Standard Book Number | 0324364334 (pbk.) |
| 028 ## - PUBLISHER NUMBER | |
| Source | www.bl.uk |
| 082 ## - DEWEY DECIMAL CLASSIFICATION NUMBER | |
| Classification number | 658.4012 |
| Item number | H638 |
| 090 ## - LOCALLY ASSIGNED LC-TYPE CALL NUMBER (OCLC); LOCAL CALL NUMBER (OCLC) | |
| -- | 2891 |
| -- | 2891 |
| 100 ## - MAIN ENTRY--PERSONAL NAME | |
| Personal name | Hitt, Michael A. |
| 245 ## - TITLE STATEMENT | |
| Title | Management of strategy : |
| Remainder of title | concepts and cases/ |
| Statement of responsibility, etc | Michael Hitt,Robert E. Hoskisson ,R. Duane Ireland. |
| 260 ## - PUBLICATION, DISTRIBUTION, ETC. (IMPRINT) | |
| Place of publication, distribution, etc | Australia ; United Kingdom : |
| Name of publisher, distributor, etc | Thomson South-Western,2007 |
| Date of publication, distribution, etc | 2007. |
| 300 ## - PHYSICAL DESCRIPTION | |
| Extent | xxxi, 413, xv, 223, 15 p. : |
| Other physical details | col. ill., col. ports. ; |
| Dimensions | 26 cm. |
| 500 ## - GENERAL NOTE | |
| General note | Previous ed. (i.e., 6th ed.) published as: Strategic management : competitiveness andglobalization. 2005 |
| 504 ## - BIBLIOGRAPHY, ETC. NOTE | |
| Bibliography, etc | ncludes bibliographical references and index |
| 650 ## - SUBJECT ADDED ENTRY--TOPICAL TERM | |
| Topical term or geographic name as entry element | Strategic planning. |
| 650 ## - SUBJECT ADDED ENTRY--TOPICAL TERM | |
| Topical term or geographic name as entry element | Competition. |
| 650 ## - SUBJECT ADDED ENTRY--TOPICAL TERM | |
| Topical term or geographic name as entry element | Strategic planning -- Case studies. |
| 700 ## - ADDED ENTRY--PERSONAL NAME | |
| Personal name | Hoskisson , Robert E. |
| 700 ## - ADDED ENTRY--PERSONAL NAME | |
| Personal name | Ireland, R.Duane. |
| 942 ## - ADDED ENTRY ELEMENTS (KOHA) | |
| Item type | Book - Borrowing |
| Call number prefix | 658.4012H638 |
| Withdrawn status | Item status | Damaged status | Not for loan | Home library | Current library | Shelving location | Date acquired | Source of acquisition | Total Checkouts | Total Renewals | Full call number | Barcode | Date last seen | Date last borrowed | Koha item type |
|---|---|---|---|---|---|---|---|---|---|---|---|---|---|---|---|
| Central Library | Central Library | First floor | 07/03/2008 | Purchase | 5 | 2 | 658.4012 HIT | 000001362 | 15/07/2025 | 07/03/2012 | Book - Borrowing |